000 00455nam a2200181Ia 4500
001 13249
005 20260306163040.0
008 260306t1969||||xx |||||||||||||| ||spa||
041 _aESP
082 _a001.42
_bG71
100 _aGonzalez de Posada, Francisco
_eAUT
245 0 _aLa investigación científica y técnica en España
260 _c1969
300 _a22 páginas :
_ccm.
650 _aGEN
654 _aCHU
942 _cLIB
_dJUS
_fJUS
_2ddc
_n
999 _c13249
_d13249